000 004980000a22002290004500
005 20120302061301.0
942 _cBOOK
245 _a Asiatic annual register-year 1804
260 _aLondon:J.Debrett,1806
300 _a530p.
040 _aENG
365 _bRs.
650 _aHistory
650 _aHindustan
650 _aPolitics
650 _aCommerce
650 _aLiterature
650 _aMiscellaneous
650 _aIndia
650 _aCivil and military
650 _aChronicle
999 _c353543
_d353540